| 000 | 00964nam a22001457a 4500 | ||
|---|---|---|---|
| 008 | 140911b xxu||||| |||| 00| 0 eng d | ||
| 020 | _a0813514215 | ||
| 050 | _aRA418.T915 | ||
| 100 | _aTurshen, Meredeth | ||
| 245 |
_aThe politics of public health. / _cMeredeth, Iurshen |
||
| 260 |
_aNew Bruswick, New Jersey: _bRutgers Uuiv. Press, _c1989. |
||
| 300 |
_ax,319p.: _c24cm. |
||
| 505 | _aContents: Acknowledgements -- Introduction -- Part one: New principles for public health -- A new vocabulary -- New tools for the study of ill health -- Public policy -- Equity and access -- Women's health -- Part Two: The limits to conventional public health: Containing disease -- Cleansing the environment -- Disease eradication -- Part Three: Non medical approaches in public health: Preventive medicine -- Nutrition and agribusiness -- Mental health -- AIDS in Africa -- Part Four:Unconventional wisdom -- Issues in integration -- An agenda for action. | ||
| 942 |
_2lcc _cBK |
||
| 999 |
_c4721 _d12221 |
||